000 00795cab a22001935a 4500
001 L152526
008 110323e20110317xxk 000 0 eng d
035 _a(Sirsi) u152526
041 0 _aeng
100 1 _aMcKenna, John
245 0 0 _aGalliford Try takes top spot after big wins
_bcontracts
260 _c2011
490 _aConstruction News
_v(7209) 17 March 2011, 22-23(2)
520 _aSummary of contract activity in the UK in February 2011 with tables of top 50 contractors and top 10 clients; tables for the past twelve months of top 50 contractors, top 10 architects, top 10 consulting engineers and top 10 quantity surveyors, number of deals and contract win totals.
590 _aKA
651 4 _aUnited Kingdom
_y
690 _aBUILT ENVIRONMENT-CONSTRUCTION MARKET
942 _n0
999 _c82988
_d82988